| 000 | 00453pam a2200169 a 4500 | ||
|---|---|---|---|
| 020 | _a039395871X (pbk. : v. 1) | ||
| 020 | _a0393958728 (pbk. : v. 2) | ||
| 040 | _cDLC | ||
| 082 | 0 | 0 | _a810 WWN 1998 A092 Or. |
| 245 | 0 | 4 | _aThe Norton anthology of American literature / |
| 250 | _a5th ed. | ||
| 260 |
_aNew York : _bW.W. Norton, _cc1998. |
||
| 300 |
_a2 v. : _bmaps ; _c24 cm. |
||
| 650 | 0 | _aAmerican literature. | |
| 700 | 1 | _aBaym, Nina. | |
| 942 | _cEK | ||
| 999 |
_c12314 _d12314 |
||